000 00759nam a2200265 a 4500
001 9111
003 BD-RjUL
005 20211208234722.0
008 140120s1973 enka b 001 0 eng d
020 _a008016983X
035 _a(BD-RjUL)9156
040 _aDLC
_cDLC
_dDLC
_d(BD-RjUL)
_beng
041 _aeng
082 0 0 _a539.7
_bBON 1973
100 1 _aBowler, M. G.
_928287
245 0 0 _aNuclear physics /
_cby M. G. Bowler.
250 _a[1st ed.]
260 _aOxford :
_aNew York :
_bPergamon Press ,
_c[1973]
300 _axi, 420 p. :
_bill. ;
_c26 cm.
490 0 _aInternational series of monographs in natural philosophy,
_vv. 53
500 _aIncludes index
650 0 _aNuclear physics.
_928288
942 _2ddc
_cBK
999 _c9111
_d9111